| 000 | 00696nam a22001697a 4500 | ||
|---|---|---|---|
| 999 |
_c14952 _d14952 |
||
| 003 | OSt | ||
| 082 | _2631.3 RAV/PE | ||
| 088 | _aT 257 | ||
| 100 |
_aRATHOD SACHIN RAVSU _93677 |
||
| 245 | _aPerformance and ergonomic evaluation of direct paddy seeder and mechanical rice transplanter in wet lands | ||
| 260 |
_aTavanur 2013 _bDepartment of Farm Power, Machinery and Energy |
||
| 300 | _a85 | ||
| 500 | _aPerformance and ergonomic evaluation of direct paddy seeder and mechanical rice transplanter in wet lands | ||
| 520 | _aPerformance and ergonomic evaluation of direct paddy seeder and mechanical rice transplanter in wet lands | ||
| 700 |
_aDr. P.K Suresh Kumar (Guide) _93678 |
||
| 942 | _cTH | ||